[Event "Zagreb Damjanovic Memorial 3rd"]
[Site "Zagreb"]
[Date "2019.11.14"]
[Round "6"]
[White "Isic, Muris"]
[Black "Frank, Vladimir"]
[Result "0-1"]
[WhiteElo "1651"]
[BlackElo "2048"]
[PlyCount "121"]
[EventDate "2019.11.09"]
[EventType "swiss"]
[EventRounds "9"]
[EventCountry "CRO"]
[SourceTitle "CBM 193 Extra"]
[Source "ChessBase"]
[SourceDate "2020.01.31"]
[SourceVersion "1"]
[SourceVersionDate "2020.01.31"]
[SourceQuality "1"]

1. e4 c5 2. Nf3 Nc6 3. d4 cxd4 4. Nxd4 Nf6 5. Nc3 d6 6. Be2 Bd7 7. 0-0 e6 8. Ndb5 Qb8 9. Bf4 Ne5 10. Bxe5 dxe5 11. Qd3 a6 12. Na3 b5 13. Nd1 Bc6 14. Bf3 Qb7 15. Re1 Rd8 16. Qe2 Be7 17. Nb1 0-0 18. c4 bxc4 19. Nbc3 Rd4 20. Ne3 Nxe4 21. Nxc4 Nxc3 22. bxc3 Bxf3 23. gxf3 Rf4 24. Nxe5 Bf6 25. Rab1 Qd5 26. Rbd1 Qxe5 27. Qxe5 Bxe5 28. Rxe5 Rxf3 29. Rc1 Rc8 30. c4 Rf4 31. c5 Rc6 32. Re3 g6 33. Rb3 Rf5 34. Rbc3 Kf8 35. f3 Ke7 36. Kf2 Rd5 37. Ke3 g5 38. h3 e5 39. a4 a5 40. Rc4 Ke6 41. R1c2 f5 42. Rc1 h6 43. R1c2 Rd1 44. R4c3 Rd4 45. Rc4 Rxc4 46. Rxc4 Kd5 47. Rc2 Rxc5 48. Rd2+ Ke6 49. Rb2 Rc3+ 50. Kf2 Ra3 51. Rb6+ Kf7 52. Rxh6 Rxa4 53. Ra6 f4 54. Ra7+ Kf6 55. Ra6+ Kf5 56. Ra8 Ra2+ 57. Kg1 a4 58. Kf1 a3 59. Rf8+ Ke6 60. Ra8 Kd5 61. Ra4 0-1

[Event "Zagreb Damjanovic Memorial 3rd"]
[Site "Zagreb"]
[Date "2019.11.11"]
[Round "3"]
[White "Frank, Vladimir"]
[Black "Horvat, Damjan"]
[Result "0-1"]
[WhiteElo "2048"]
[BlackElo "2181"]
[PlyCount "96"]
[EventDate "2019.11.09"]
[EventType "swiss"]
[EventRounds "9"]
[EventCountry "CRO"]
[SourceTitle "CBM 193 Extra"]
[Source "ChessBase"]
[SourceDate "2020.01.31"]
[SourceVersion "1"]
[SourceVersionDate "2020.01.31"]
[SourceQuality "1"]

1. c4 c6 2. Nf3 Nf6 3. b3 d5 4. Bb2 Bg4 5. e3 e6 6. Be2 Nbd7 7. d3 Be7 8. Nbd2 0-0 9. Rc1 a5 10. a3 Re8 11. 0-0 Bf8 12. cxd5 exd5 13. Nd4 Bxe2 14. Nxe2 Qb6 15. Nf3 g6 16. Ng3 Bg7 17. Qc2 Rad8 18. Rfd1 Qa6 19. h4 a4 20. b4 Re7 21. h5 Rde8 22. Bd4 Rc8 23. Qb2 Re6 24. e4 Bh6 25. exd5 Nxd5 26. Rc4 Rce8 27. hxg6 hxg6 28. Qc2 b5 29. Rc3 f5 30. Qb2 Nxc3 31. Qxc3 Nb6 32. Re1 Nd5 33. Rxe6 Rxe6 34. Qb2 Qb7 35. Be5 Qe7 36. d4 Nb6 37. Nd2 Bxd2 38. Qxd2 Nc4 39. Qa2 Nxe5 40. dxe5 f4 41. Ne4 Kg7 42. f3 Rxe5 43. Qc2 Qe6 44. Qc3 Kg8 45. Qd4 Kh7 46. Nf2 Re1+ 47. Kh2 Qe7 48. Nh3 Qh4 0-1

[Event "Zagreb-ch Seniors"]
[Site "Zagreb"]
[Date "2019.09.12"]
[Round "9"]
[White "Frank, Vladimir"]
[Black "Fajdetic, Hrvoje"]
[Result "1-0"]
[WhiteElo "2018"]
[BlackElo "2187"]
[PlyCount "107"]
[EventDate "2019.09.02"]
[EventType "swiss"]
[EventRounds "9"]
[EventCountry "CRO"]
[SourceTitle "EXT 2020"]
[Source "ChessBase"]
[SourceDate "2019.10.17"]
[SourceVersion "1"]
[SourceVersionDate "2019.10.17"]
[SourceQuality "1"]

1. c4 f5 2. Nf3 Nf6 3. Nc3 d6 4. d4 e6 5. g3 g6 6. Qc2 Nc6 7. Bg2 Bg7 8. 0-0 0-0 9. Rd1 Qe8 10. a3 e5 11. dxe5 Nxe5 12. Nd5 Nxd5 13. cxd5 Nxf3+ 14. Bxf3 Rf7 15. Be3 Be5 16. Rac1 Bd7 17. b3 Rc8 18. a4 f4 19. Bd4 c5 20. dxc6 Bxc6 21. Bd5 Rcc7 22. Bxf7+ Rxf7 23. Bxe5 dxe5 24. Rd6 fxg3 25. hxg3 Qf8 26. Qc5 Rf5 27. Rcd1 Qf7 28. e4 Rh5 29. Rxc6 bxc6 30. Qxc6 Qf3 31. Qa8+ Kg7 32. Qxa7+ Kf6 33. Rd6+ Kg5 34. Qe3+ Qxe3 35. fxe3 Kg4 36. Rf6 Rh3 37. Rf2 Kxg3 38. a5 g5 39. a6 Rh6 40. Ra2 Rc6 41. Kf1 Kf3 42. Ke1 Rh6 43. Kd1 Rd6+ 44. Kc1 Rd8 45. b4 Kxe4 46. b5 Rc8+ 47. Kb1 Kd5 48. Rd2+ Ke4 49. b6 g4 50. b7 Rb8 51. Rb2 g3 52. a7 g2 53. axb8Q g1Q+ 54. Ka2 1-0

[Event "Zagreb-ch Seniors"]
[Site "Zagreb"]
[Date "2019.09.10"]
[Round "7"]
[White "Klement, Dubravko"]
[Black "Frank, Vladimir"]
[Result "0-1"]
[WhiteElo "1801"]
[BlackElo "2018"]
[PlyCount "24"]
[EventDate "2019.09.02"]
[EventType "swiss"]
[EventRounds "9"]
[EventCountry "CRO"]
[SourceTitle "EXT 2020"]
[Source "ChessBase"]
[SourceDate "2019.10.17"]
[SourceVersion "1"]
[SourceVersionDate "2019.10.17"]
[SourceQuality "1"]

1. d4 Nf6 2. Nf3 b6 3. g3 Bb7 4. Bg2 c5 5. dxc5 bxc5 6. Nc3 d6 7. 0-0 g6 8. e4 Nxe4 9. Nxe4 Bxe4 10. Ng5 Bxg2 11. Nxf7 Kxf7 12. Kxg2 Nd7 0-1

[Event "Zagreb-ch Seniors"]
[Site "Zagreb"]
[Date "2019.09.09"]
[Round "6"]
[White "Frank, Vladimir"]
[Black "Kinez, Ivo"]
[Result "1/2-1/2"]
[WhiteElo "2018"]
[BlackElo "2072"]
[PlyCount "88"]
[EventDate "2019.09.02"]
[EventType "swiss"]
[EventRounds "9"]
[EventCountry "CRO"]
[SourceTitle "EXT 2020"]
[Source "ChessBase"]
[SourceDate "2019.10.17"]
[SourceVersion "1"]
[SourceVersionDate "2019.10.17"]
[SourceQuality "1"]

1. Nf3 c5 2. c4 Nf6 3. Nc3 d5 4. cxd5 Nxd5 5. e4 Nb4 6. Bc4 e6 7. d3 a6 8. a3 N4c6 9. Be3 b5 10. Ba2 Bb7 11. 0-0 Be7 12. a4 b4 13. Ne2 0-0 14. Rc1 Nd7 15. d4 cxd4 16. Nexd4 Nxd4 17. Nxd4 Nf6 18. f3 Rc8 19. Qe2 Qa5 20. Bb3 Kh8 21. Qf2 Qh5 22. Rfd1 Bd6 23. g3 Be5 24. Bc2 g5 25. g4 Qg6 26. Bd3 h5 27. h3 Kg7 28. Rxc8 Rxc8 29. Kg2 Rh8 30. Rh1 Rd8 31. Bb1 Rh8 32. Nb3 hxg4 33. hxg4 Rxh1 34. Kxh1 Qh6+ 35. Kg1 Bc6 36. Nc5 a5 37. b3 Bd6 38. Qd2 Bf4 39. Bxf4 gxf4 40. Qd6 Qh4 41. Qxf4 Qe1+ 42. Kg2 Qe2+ 43. Kg3 Qe1+ 44. Kg2 Qe2+ 1/2-1/2

[Event "Zagreb-ch Seniors"]
[Site "Zagreb"]
[Date "2019.09.06"]
[Round "5"]
[White "Govorko, Robert"]
[Black "Frank, Vladimir"]
[Result "1/2-1/2"]
[WhiteElo "1891"]
[BlackElo "2018"]
[PlyCount "105"]
[EventDate "2019.09.02"]
[EventType "swiss"]
[EventRounds "9"]
[EventCountry "CRO"]
[SourceTitle "EXT 2020"]
[Source "ChessBase"]
[SourceDate "2019.10.17"]
[SourceVersion "1"]
[SourceVersionDate "2019.10.17"]
[SourceQuality "1"]

1. d4 Nf6 2. Nf3 b6 3. g3 Bb7 4. Bg2 c5 5. e3 e6 6. 0-0 Be7 7. b3 0-0 8. Bb2 d6 9. Nbd2 Qc7 10. c4 Nbd7 11. Qc2 Rac8 12. e4 cxd4 13. Nxd4 a6 14. Rac1 Qb8 15. h3 Qa8 16. Rfe1 Rc7 17. f3 Rfc8 18. Qb1 Ne5 19. Ne2 b5 20. f4 Ng6 21. Nd4 e5 22. fxe5 dxe5 23. Nf5 Bb4 24. Bc3 Bxc3 25. Rxc3 Rd8 26. Qc2 Rcd7 27. Re2 bxc4 28. Nxc4 Qa7+ 29. Kh2 Rd1 30. Nce3 R1d7 31. Rc7 Rxc7 32. Qxc7 Rd7 33. Qc4 Qa8 34. Nd5 Qd8 35. Nxf6+ Qxf6 36. Ne3 h5 37. Nd5 Bxd5 38. exd5 h4 39. gxh4 Nf4 40. Rf2 Qxh4 41. Qf1 Rd6 42. Rf3 Rg6 43. Bh1 Qf6 44. Qc4 Qd6 45. Qc8+ Kh7 46. Qf5 Qc5 47. Rg3 Qf2+ 48. Rg2 Qe3 49. Rg5 Qe2+ 50. Kg3 Qe1+ 51. Kh2 Qe2+ 52. Kg3 Qe1+ 53. Kh2 1/2-1/2

[Event "Zagreb-ch Seniors"]
[Site "Zagreb"]
[Date "2019.09.05"]
[Round "4"]
[White "Frank, Vladimir"]
[Black "Mravunac, Damir"]
[Result "0-1"]
[WhiteElo "2018"]
[BlackElo "2158"]
[PlyCount "53"]
[EventDate "2019.09.02"]
[EventType "swiss"]
[EventRounds "9"]
[EventCountry "CRO"]
[SourceTitle "EXT 2020"]
[Source "ChessBase"]
[SourceDate "2019.10.17"]
[SourceVersion "1"]
[SourceVersionDate "2019.10.17"]
[SourceQuality "1"]

1. Nf3 e6 2. d4 f5 3. Bf4 Nf6 4. e3 b6 5. Nbd2 Bb7 6. Bd3 Be7 7. h4 0-0 8. c3 c5 9. Qe2 cxd4 10. exd4 Nd5 11. g3 Nc6 12. Bg5 a6 13. Nc4 Qe8 14. 0-0-0 b5 15. Nce5 Rc8 16. Kb1 Bf6 17. Rhg1 Na5 18. Bxb5 axb5 19. Qxb5 Qd8 20. Qxd7 Qb6 21. Ka1 Rc7 22. Qa4 Ra8 23. Nd2 Bxe5 24. dxe5 Bc6 25. Qd4 Qa6 26. Kb1 Bb5 27. Nf3 0-1

[Event "CRO Cup"]
[Site "Mali Losinj"]
[Date "2019.05.19"]
[Round "6.102"]
[White "Ghersinich, Enrico"]
[Black "Frank, Vladimir"]
[Result "0-1"]
[WhiteElo "2251"]
[BlackElo "2008"]
[PlyCount "112"]
[EventDate "2019.05.15"]
[EventType "team-swiss"]
[EventRounds "6"]
[EventCountry "CRO"]
[SourceTitle "CBM 190 Extra"]
[Source "ChessBase"]
[SourceDate "2019.07.15"]
[SourceVersion "1"]
[SourceVersionDate "2019.07.15"]
[SourceQuality "1"]
[WhiteTeam "Porec Gortan"]
[BlackTeam "Krapina"]
[WhiteTeamCountry "CRO"]
[BlackTeamCountry "CRO"]

1. e4 c5 2. Nf3 Nc6 3. Bb5 g6 4. Bxc6 dxc6 5. 0-0 Bg7 6. Re1 e5 7. b4 cxb4 8. a3 bxa3 9. Bxa3 Ne7 10. c3 Bg4 11. h3 Bxf3 12. Qxf3 b6 13. d4 exd4 14. cxd4 Qxd4 15. Ra2 Qf6 16. Qb3 Qe6 17. Qb4 c5 18. Qb5+ Qc6 19. Qe2 0-0 20. Rf1 Qe6 21. f4 Rfe8 22. e5 Nf5 23. Qf2 Nd4 24. Rd2 Red8 25. Bb2 Nb3 26. Re2 Rd3 27. Kh2 Rad8 28. Nc3 Nd4 29. Ree1 Rd2 30. Qxd2 Nf3+ 31. Rxf3 Rxd2 32. Bc1 Rd8 33. Ne4 h6 34. g4 a5 35. Ng3 Qd5 36. Rf2 c4 37. Ne4 Qc6 38. Bb2 b5 39. f5 b4 40. fxg6 Qxg6 41. Ng3 c3 42. Nf5 Qe6 43. Bc1 b3 44. Nxg7 Kxg7 45. Rf6 Rd2+ 46. Kg3 Qd5 47. Rf5 b2 48. e6 bxc1Q 49. Rxf7+ Kg6 50. Rxc1 Rg2+ 51. Kf4 Qd2+ 52. Kf3 Rf2+ 53. Kg3 Qe3+ 54. Kh4 Rxf7 55. Rxc3 Qxc3 56. exf7 Qe1# 0-1

[Event "CRO Cup"]
[Site "Mali Losinj"]
[Date "2019.05.18"]
[Round "5.112"]
[White "Frank, Vladimir"]
[Black "Mrkonjic, Nenad"]
[Result "1/2-1/2"]
[WhiteElo "2008"]
[BlackElo "2351"]
[PlyCount "105"]
[EventDate "2019.05.15"]
[EventType "team-swiss"]
[EventRounds "6"]
[EventCountry "CRO"]
[SourceTitle "CBM 190 Extra"]
[Source "ChessBase"]
[SourceDate "2019.07.15"]
[SourceVersion "1"]
[SourceVersionDate "2019.07.15"]
[SourceQuality "1"]
[WhiteTeam "Krapina"]
[BlackTeam "Osijek Ferit"]
[WhiteTeamCountry "CRO"]
[BlackTeamCountry "CRO"]

1. d4 Nf6 2. c4 c5 3. Nf3 cxd4 4. Nxd4 d5 5. cxd5 Nxd5 6. e4 Nf6 7. Nc3 e5 8. Bb5+ Bd7 9. Bxd7+ Qxd7 10. Nf3 Qxd1+ 11. Kxd1 Nc6 12. Bg5 Be7 13. Bxf6 Bxf6 14. Nd5 Bd8 15. Ke2 f6 16. Rac1 Kf7 17. b4 a6 18. a4 Re8 19. Rhd1 Re6 20. b5 axb5 21. axb5 Na5 22. Rc3 Rd6 23. Rdc1 Ke6 24. g4 b6 25. Nd2 g6 26. Ra1 Rb8 27. Nc4 Rd7 28. f3 f5 29. gxf5+ gxf5 30. Rg1 fxe4 31. fxe4 Nxc4 32. Rxc4 Rxd5 33. exd5+ Kxd5 34. Rc6 Ra8 35. Rg8 Ra2+ 36. Kd3 Be7 37. Rg7 Ra3+ 38. Kc2 Bc5 39. Rxh7 e4 40. Rh5+ Kc4 41. Rcxc5+ bxc5 42. b6 Rc3+ 43. Kd2 Rb3 44. Rh6 Kd4 45. Rd6+ Ke5 46. Rc6 Kd5 47. Rh6 c4 48. h4 Kd4 49. Rd6+ Ke5 50. Rc6 Kd5 51. Rg6 Kd4 52. Rd6+ Kc5 53. Re6 1/2-1/2

[Event "CRO Cup"]
[Site "Mali Losinj"]
[Date "2019.05.16"]
[Round "2.112"]
[White "Frank, Vladimir"]
[Black "Starcevic, Kresimir"]
[Result "0-1"]
[WhiteElo "2008"]
[BlackElo "2131"]
[PlyCount "84"]
[EventDate "2019.05.15"]
[EventType "team-swiss"]
[EventRounds "6"]
[EventCountry "CRO"]
[SourceTitle "CBM 190 Extra"]
[Source "ChessBase"]
[SourceDate "2019.07.15"]
[SourceVersion "1"]
[SourceVersionDate "2019.07.15"]
[SourceQuality "1"]
[WhiteTeam "Krapina"]
[BlackTeam "Zagreb Koncar"]
[WhiteTeamCountry "CRO"]
[BlackTeamCountry "CRO"]

1. Nf3 Nf6 2. c4 g6 3. d4 Bg7 4. Nc3 c5 5. e4 cxd4 6. Nxd4 d6 7. Be2 Nc6 8. Be3 Bd7 9. Rc1 0-0 10. f3 a5 11. Qd2 Nxd4 12. Bxd4 Bc6 13. Nd5 Nd7 14. 0-0 Nc5 15. Rfd1 Bxd5 16. Bxg7 Kxg7 17. exd5 Nd7 18. b3 Qb6+ 19. Kh1 Qb4 20. Qb2+ Kg8 21. a3 Qb6 22. Bf1 Nc5 23. b4 axb4 24. axb4 Ra4 25. Qe2 Rxb4 26. Qxe7 Rb2 27. Re1 Qd8 28. Qe3 Qf6 29. Rb1 Rxb1 30. Rxb1 Ra8 31. Kg1 Kg7 32. Qd2 Ra1 33. Rxa1 Qxa1 34. Kf2 Nb3 35. Qe3 Qb2+ 36. Qe2 Qd4+ 37. Qe3 Qb2+ 38. Qe2 Nd2 39. Kg1 Qc1 40. Kf2 Kf6 41. g3 Qxf1+ 42. Qxf1 Nxf1 0-1

[Event "Zagreb Hulak Memorial op 3rd"]
[Site "Zagreb"]
[Date "2018.12.01"]
[Round "1"]
[White "Kozul, Zdenko"]
[Black "Frank, Vladimir"]
[Result "1-0"]
[WhiteElo "2601"]
[BlackElo "2000"]
[PlyCount "99"]
[EventDate "2018.12.01"]
[EventType "swiss"]
[EventRounds "9"]
[EventCountry "CRO"]
[SourceTitle "CBM 187 Extra"]
[Source "ChessBase"]
[SourceDate "2018.11.04"]
[SourceVersion "1"]
[SourceVersionDate "2018.11.04"]
[SourceQuality "1"]

1. d4 Nf6 2. c4 e6 3. g3 d5 4. Bg2 c6 5. Nf3 Nbd7 6. Qc2 Be7 7. 0-0 0-0 8. Bf4 b6 9. cxd5 cxd5 10. Bc7 Qe8 11. Nc3 Bb7 12. Bf4 Rc8 13. Qb3 Rc4 14. a3 Nh5 15. Bd2 Qc8 16. Rfc1 a6 17. a4 Nhf6 18. Bf1 Qa8 19. e3 Rc7 20. Na2 Rfc8 21. Rxc7 Rxc7 22. a5 b5 23. Bb4 Bxb4 24. Nxb4 Ne4 25. Qd1 Qc8 26. Ne1 g6 27. Ned3 Kg7 28. Nc1 h5 29. Nb3 h4 30. g4 g5 31. Nd3 Qf8 32. f3 Nd6 33. Nbc5 Nxc5 34. Nxc5 Bc8 35. Rc1 Qe7 36. b3 Ne8 37. Qd2 f5 38. Bh3 Qf6 39. Nd3 Rxc1+ 40. Qxc1 Qd8 41. Qc6 Qd7 42. Qb6 Qc7 43. Nc5 Qxb6 44. axb6 Nd6 45. b4 Kf6 46. gxf5 exf5 47. e4 Ke7 48. Bxf5 Bxf5 49. exf5 Kd8 50. f6 1-0

[Event "Zagreb Damjanovic Memorial 2nd"]
[Site "Zagreb"]
[Date "2018.07.17"]
[Round "2"]
[White "Pandurevic, Miro"]
[Black "Frank, Vladimir"]
[Result "1-0"]
[WhiteElo "2286"]
[BlackElo "2003"]
[PlyCount "43"]
[EventDate "2018.07.16"]
[EventType "swiss"]
[EventRounds "9"]
[EventCountry "CRO"]
[SourceTitle "EXT 2019"]
[Source "ChessBase"]
[SourceDate "2018.10.10"]
[SourceVersion "1"]
[SourceVersionDate "2018.10.10"]
[SourceQuality "1"]

1. e4 c5 2. Nf3 Nc6 3. c3 d5 4. exd5 Qxd5 5. d4 cxd4 6. cxd4 Bg4 7. Be2 e6 8. 0-0 Nf6 9. Nc3 Qd7 10. h3 Bxf3 11. Bxf3 0-0-0 12. d5 Ne5 13. dxe6 Nxf3+ 14. Qxf3 Qxe6 15. Bf4 Qc6 16. Qg3 Bd6 17. Nb5 Qxb5 18. Bxd6 b6 19. Rac1+ Kb7 20. Rc7+ Ka8 21. Qxg7 Qd5 22. Qxf6 1-0

[Event "Topusko Amateur op 6th"]
[Site "Topusko"]
[Date "2017.08.17"]
[Round "7"]
[White "Golub, Nikolina"]
[Black "Frank, Vladimir"]
[Result "0-1"]
[WhiteElo "1828"]
[BlackElo "2085"]
[PlyCount "112"]
[EventDate "2017.08.12"]
[EventType "swiss"]
[EventRounds "9"]
[EventCountry "CRO"]
[SourceTitle "CBM 180 Extra"]
[Source "ChessBase"]
[SourceDate "2017.10.06"]
[SourceVersion "1"]
[SourceVersionDate "2017.10.06"]
[SourceQuality "1"]

1. d4 Nf6 2. c4 e6 3. Nf3 c5 4. e3 b6 5. g3 Bb7 6. Bg2 cxd4 7. exd4 Be7 8. 0-0 0-0 9. Nc3 Qc8 10. b3 d5 11. Ne5 dxc4 12. Bxb7 Qxb7 13. bxc4 Rd8 14. Be3 Nbd7 15. Qf3 Qxf3 16. Nxf3 Rac8 17. Nd2 Nb8 18. Rfd1 Nc6 19. Nb3 Nb4 20. Nd2 Nc2 21. Rac1 Nxd4 22. Bxd4 Rxd4 23. Nb5 Rd7 24. Kf1 Rcd8 25. Ke2 a6 26. Nc3 Bb4 27. Nde4 Nxe4 28. Nxe4 Rxd1 29. Rxd1 Rxd1 30. Kxd1 Kf8 31. Kc2 Ke7 32. Kb3 Be1 33. f4 h6 34. c5 b5 35. a4 bxa4+ 36. Kxa4 f5 37. Nd6 g5 38. fxg5 hxg5 39. Kb3 Bf2 40. Kc4 g4 41. Nb7 Bg1 42. c6 Bb6 43. Kd3 e5 44. Ke2 a5 45. Kf1 a4 46. Kg2 a3 47. c7 Bxc7 48. Nc5 a2 49. Nb3 Bb6 50. h4 gxh3+ 51. Kxh3 Bd4 52. Kg2 a1Q 53. Nxa1 Bxa1 54. Kf3 e4+ 55. Kf4 Be5+ 56. Ke3 Bxg3 0-1

[Event "CRO-chT2 Center 26th"]
[Site "Croatia"]
[Date "2017.03.26"]
[Round "1.15"]
[White "Frank, Vladimir"]
[Black "Margitic, Zdravko"]
[Result "1/2-1/2"]
[WhiteElo "2051"]
[BlackElo "2082"]
[PlyCount "114"]
[EventDate "2017.03.26"]
[EventType "team-tourn"]
[EventRounds "11"]
[EventCountry "CRO"]
[SourceTitle "EXT 2019"]
[Source "ChessBase"]
[SourceDate "2018.10.10"]
[SourceVersion "1"]
[SourceVersionDate "2018.10.10"]
[SourceQuality "1"]

1. Nf3 Nc6 2. d4 d5 3. c4 e6 4. Nc3 Nf6 5. Bg5 Be7 6. e3 0-0 7. Rc1 h6 8. Bh4 a6 9. Be2 dxc4 10. Bxc4 b5 11. Bd3 Bb7 12. 0-0 Nd7 13. Bxe7 Qxe7 14. a4 b4 15. Ne4 Rfc8 16. Nc5 Nxc5 17. Rxc5 Nb8 18. Bb1 Nd7 19. Qc2 Nf6 20. Qe2 a5 21. Rfc1 Qd7 22. b3 Be4 23. Ne5 Qe8 24. Ng4 Bxb1 25. Nxf6+ gxf6 26. Rxb1 f5 27. Rbc1 Qe7 28. Qf3 Ra7 29. d5 Rd8 30. g3 Rd6 31. Qf4 exd5 32. Qxf5 Qe6 33. Qxe6 fxe6 34. Rxc7 Rxc7 35. Rxc7 d4 36. exd4 Rxd4 37. Rc5 Rd3 38. Rxa5 Rxb3 39. Rb5 Rb1+ 40. Kg2 b3 41. a5 Kf7 42. a6 b2 43. g4 Kf6 44. h4 Ra1 45. Rxb2 Rxa6 46. Rb7 Ra4 47. Kg3 Ra3+ 48. f3 Ra1 49. h5 Rg1+ 50. Kf2 Ra1 51. Rh7 Kg5 52. Ke3 e5 53. Rf7 Kh4 54. Rf6 Kg3 55. g5 Re1+ 56. Kd2 Rh1 57. Ke2 hxg5 1/2-1/2

[Event "Krapina op 7th"]
[Site "Krapina"]
[Date "2017.01.12"]
[Round "1"]
[White "Kovac, Mihael"]
[Black "Frank, Vladimir"]
[Result "1/2-1/2"]
[WhiteElo "1687"]
[BlackElo "2095"]
[PlyCount "82"]
[EventDate "2017.01.12"]
[EventType "swiss"]
[EventRounds "7"]
[EventCountry "CRO"]
[SourceTitle "CBM 176 Extra"]
[Source "ChessBase"]
[SourceDate "2017.03.02"]
[SourceVersion "1"]
[SourceVersionDate "2017.03.02"]
[SourceQuality "1"]

1. e4 c5 2. Nf3 Nc6 3. Bb5 g6 4. 0-0 Bg7 5. Nc3 e6 6. Bxc6 dxc6 7. d3 e5 8. Be3 b6 9. h3 Ne7 10. Qd2 f5 11. Bh6 Bf6 12. exf5 gxf5 13. Rfe1 Qd6 14. Bg5 Ng6 15. Bxf6 Qxf6 16. Nxe5 0-0 17. Nxg6 hxg6 18. Qe3 Bd7 19. Qe7 Qxe7 20. Rxe7 Rf7 21. Rae1 Kf8 22. Rxf7+ Kxf7 23. f4 Be6 24. Kf2 Rd8 25. b3 Rh8 26. a4 Kf6 27. a5 Rd8 28. axb6 axb6 29. Ra1 b5 30. Ra6 c4 31. Rxc6 cxb3 32. cxb3 Rxd3 33. Nxb5 Kf7 34. b4 Rd2+ 35. Ke3 Rxg2 36. Nc3 Rg3+ 37. Kd4 Rxh3 38. b5 Rf3 39. Ke5 Re3+ 40. Kd6 Rd3+ 41. Ke5 Re3+ 1/2-1/2

[Event "Zagreb Damjanovic Memorial 1st"]
[Site "Zagreb"]
[Date "2016.11.16"]
[Round "8"]
[White "Brajdic, Danko"]
[Black "Frank, Vladimir"]
[Result "0-1"]
[WhiteElo "2136"]
[BlackElo "2090"]
[PlyCount "166"]
[EventDate "2016.11.10"]
[EventType "swiss"]
[EventRounds "9"]
[EventCountry "CRO"]
[SourceTitle "CBM 175 Extra"]
[Source "ChessBase"]
[SourceDate "2016.12.12"]
[SourceVersion "1"]
[SourceVersionDate "2016.12.12"]
[SourceQuality "1"]

1. Nf3 d5 2. g3 Nf6 3. Bg2 Bf5 4. 0-0 e6 5. d3 c6 6. Nh4 Bg6 7. h3 Bh5 8. f4 Bc5+ 9. Kh1 Nfd7 10. Qe1 f6 11. e4 0-0 12. g4 Bf7 13. Nf3 dxe4 14. dxe4 e5 15. Na3 exf4 16. Bxf4 Re8 17. Qc3 Qe7 18. Rad1 Bb4 19. Qd4 Ne5 20. Bxe5 fxe5 21. Qe3 Nd7 22. Ng5 Rf8 23. Nxf7 Rxf7 24. Rxf7 Qxf7 25. Rxd7 Qxd7 26. Qb3+ Qf7 27. Qxb4 Rd8 28. Qc4 Rd1+ 29. Kh2 Rd2 30. Qxf7+ Kxf7 31. Kg3 b5 32. Bf1 Kf6 33. Bd3 Rd1 34. b3 a6 35. Kf2 Kg5 36. Ke2 Ra1 37. Kd2 Rh1 38. c3 Rh2+ 39. Be2 Kf4 40. Nc2 a5 41. Ne3 g6 42. a4 Rxh3 43. axb5 cxb5 44. Nd1 a4 45. Nf2 Rh2 46. Nd3+ Kxe4 47. bxa4 bxa4 48. Nc5+ Kd5 49. Nxa4 h5 50. gxh5 gxh5 51. c4+ Kd6 52. Ke3 h4 53. c5+ Kc7 54. Bf3 Ra2 55. Nb6 Ra3+ 56. Kf2 Ra2+ 57. Ke3 Rc2 58. Nd5+ Kb8 59. Nb4 Rc3+ 60. Kf2 e4 61. Bxe4 Rc4 62. Na6+ Ka7 63. Bf3 Rc2+ 64. Be2 h3 65. Nb4 Rxe2+ 66. Kxe2 h2 67. Kd3 h1Q 68. Kc4 Qe4+ 69. Kb5 Qe2+ 70. Ka5 Qc4 71. c6 Qc5+ 72. Ka4 Kb6 73. c7 Qb5+ 74. Ka3 Kxc7 75. Nc2 Kd6 76. Ka2 Kc5 77. Na3 Qa4 78. Kb2 Qb4+ 79. Ka2 Qc3 80. Nb1 Qc2+ 81. Ka1 Kb4 82. Na3 Qc3+ 83. Kb1 Qxa3 0-1

[Event "Topusko op 5th"]
[Site "Topusko"]
[Date "2016.08.13"]
[Round "9"]
[White "Tomerlin, Sinisa"]
[Black "Frank, Vladimir"]
[Result "0-1"]
[WhiteElo "2283"]
[BlackElo "2068"]
[PlyCount "102"]
[EventDate "2016.08.06"]
[EventType "swiss"]
[EventRounds "9"]
[EventCountry "CRO"]
[SourceTitle "CBM 173 Extra"]
[Source "ChessBase"]
[SourceDate "2016.08.29"]
[SourceVersion "1"]
[SourceVersionDate "2016.08.29"]
[SourceQuality "1"]

1. e4 c6 2. d4 d5 3. Nd2 dxe4 4. Nxe4 Bf5 5. Ng3 Bg6 6. h4 h6 7. Nf3 Nd7 8. h5 Bh7 9. Bd3 Bxd3 10. Qxd3 Qc7 11. Rh4 e6 12. Bf4 Qa5+ 13. Bd2 Qc7 14. 0-0-0 Ngf6 15. Bf4 Bd6 16. Bxd6 Qxd6 17. Nd2 0-0 18. Nge4 Qe7 19. Rdh1 Nxe4 20. Nxe4 Nf6 21. g4 Rad8 22. c3 c5 23. f4 Nxe4 24. Qxe4 cxd4 25. cxd4 Rd5 26. R4h3 Rfd8 27. Rd3 Qd6 28. Rhd1 f5 29. Qf3 fxg4 30. Qxg4 Rf5 31. d5 Rxd5 32. Rxd5 Qc6+ 33. Kb1 Rxd5 34. Rc1 Qd7 35. Re1 Rf5 36. a3 Qf7 37. Qg6 Rxh5 38. Qxe6 Qxe6 39. Rxe6 Rf5 40. Re8+ Rf8 41. Re4 Rf7 42. Kc2 Rd7 43. Kc3 Kf7 44. a4 Kf6 45. b4 h5 46. a5 a6 47. Kc4 Kf5 48. Re5+ Kxf4 49. Rxh5 g5 50. Kc5 g4 51. Kb6 g3 0-1

[Event "Topusko op 5th"]
[Site "Topusko"]
[Date "2016.08.12"]
[Round "8"]
[White "Frank, Vladimir"]
[Black "Bozinovic, Bogdan"]
[Result "1/2-1/2"]
[WhiteElo "2068"]
[BlackElo "2226"]
[PlyCount "47"]
[EventDate "2016.08.06"]
[EventType "swiss"]
[EventRounds "9"]
[EventCountry "CRO"]
[SourceTitle "CBM 173 Extra"]
[Source "ChessBase"]
[SourceDate "2016.08.29"]
[SourceVersion "1"]
[SourceVersionDate "2016.08.29"]
[SourceQuality "1"]

1. c4 Nf6 2. d4 c5 3. Nf3 cxd4 4. Nxd4 e5 5. Nc2 d5 6. cxd5 Qxd5 7. Qxd5 Nxd5 8. e4 Nb4 9. Nxb4 Bxb4+ 10. Bd2 Nc6 11. Bb5 Bd7 12. Bxc6 Bxd2+ 13. Nxd2 Bxc6 14. Nc4 0-0-0 15. Rc1 Rd4 16. f3 f6 17. Na5 Rhd8 18. Nxc6 bxc6 19. 0-0 Kb7 20. Rc2 Kb6 21. Rfc1 R8d6 22. Kf1 Rd1+ 23. Rxd1 Rxd1+ 24. Ke2 1/2-1/2

[Event "Topusko op 5th"]
[Site "Topusko"]
[Date "2016.08.07"]
[Round "2"]
[White "Frank, Vladimir"]
[Black "Tica, Sven"]
[Result "0-1"]
[WhiteElo "2068"]
[BlackElo "2260"]
[PlyCount "56"]
[EventDate "2016.08.06"]
[EventType "swiss"]
[EventRounds "9"]
[EventCountry "CRO"]
[SourceTitle "CBM 173 Extra"]
[Source "ChessBase"]
[SourceDate "2016.08.29"]
[SourceVersion "1"]
[SourceVersionDate "2016.08.29"]
[SourceQuality "1"]

1. Nf3 Nf6 2. c4 e6 3. b3 c5 4. Bb2 Nc6 5. e3 d5 6. cxd5 exd5 7. Be2 Bd6 8. d4 cxd4 9. Nxd4 0-0 10. Nd2 Ne5 11. 0-0 a6 12. N2f3 Ng6 13. Rc1 Ne4 14. Qd3 Qe7 15. Rfd1 Rd8 16. Bf1 h5 17. Rxc8 Raxc8 18. Nf5 Qc7 19. Nxg7 Qc2 20. Qxc2 Rxc2 21. Bd4 Nxf2 22. Rd2 Rxd2 23. Nxd2 Ng4 24. Nxh5 Bxh2+ 25. Kh1 Be5 26. Be2 Rc8 27. g3 Bxd4 28. exd4 Ne3 0-1